| 000 | 00577nam a2200217Ia 4500 | ||
|---|---|---|---|
| 003 | OSt | ||
| 005 | 20230509161931.0 | ||
| 008 | 210423s1990 xx 000 0 und d | ||
| 040 | _cAL | ||
| 041 | _aeng | ||
| 082 |
_a307.1772 _223 _bNAYK |
||
| 100 |
_aNAYAK (Radhakant);others _9101558 |
||
| 245 | _aKondhs: a hand book for development | ||
| 260 |
_aNew Delhi _bIndian Social Institute _c1990 |
||
| 300 |
_av,26 _bPB |
||
| 365 |
_b125 _cINR |
||
| 650 |
_aCommunities _9101559 |
||
| 650 |
_aSociology _9101560 |
||
| 906 | _adevelopment ; hand ; Kondhs: | ||
| 942 |
_2ddc _cBK |
||
| 999 |
_c171775 _d171775 |
||